[Event "Warsaw Najdorf Memorial op-B"]
[Site "Warsaw"]
[Date "2023.07.19"]
[Round "9"]
[White "Drozdz, Jakub"]
[Black "Gasiorek, Dariusz"]
[Result "0-1"]
[WhiteElo "1643"]
[BlackElo "1832"]
[PlyCount "92"]
[EventDate "2023.07.11"]
[EventType "swiss"]
[EventRounds "9"]
[EventCountry "POL"]
[SourceTitle "EXT 2024"]
[Source "ChessBase"]
[SourceDate "2023.10.10"]
[SourceVersion "1"]
[SourceVersionDate "2023.10.10"]
[SourceQuality "1"]

1. e4 c6 2. d4 d5 3. e5 c5 4. dxc5 Nc6 5. f4 e6 6. Nf3 Bxc5 7. Nbd2 Nh6 8. Nb3 Bb6 9. Bd3 Ng4 10. Ng5 Nf2 11. Qh5 g6 12. Qh6 Nxh1 13. Qg7 Rf8 14. f5 Qc7 15. Bb5 f6 16. exf6 Qe5+ 17. Be2 Qxf6 18. Qh6 Qe5 19. Qg7 Qf6 20. Qh6 Qxf5 21. Nxh7 Rf7 22. Bd2 Qf2+ 23. Kd1 Qg1+ 24. Be1 Bf2 25. Kd2 Be3+ 26. Qxe3 Qxe3+ 27. Kxe3 Rxh7 28. h3 e5 29. Nd2 d4+ 30. Ke4 Bf5+ 31. Kf3 Rf7 32. g4 Bd3+ 33. Kg2 Bxe2 34. Kxh1 0-0-0 35. Bh4 Rh8 36. Bg5 Bxg4 37. h4 Rf5 38. Kg1 Rhf8 39. Ne4 Kc7 40. c3 b6 41. cxd4 exd4 42. Rc1 Bf3 43. Ng3 Rc5 44. Rf1 Rc2 45. Ne4 Rg2+ 46. Kh1 Rf2+ 0-1

[Event "Warsaw Najdorf Memorial op-B"]
[Site "Warsaw"]
[Date "2023.07.18"]
[Round "8"]
[White "Gasiorek, Dariusz"]
[Black "Zbrzeski, Piotr"]
[Result "1/2-1/2"]
[WhiteElo "1832"]
[BlackElo "1618"]
[PlyCount "54"]
[EventDate "2023.07.11"]
[EventType "swiss"]
[EventRounds "9"]
[EventCountry "POL"]
[SourceTitle "EXT 2024"]
[Source "ChessBase"]
[SourceDate "2023.10.10"]
[SourceVersion "1"]
[SourceVersionDate "2023.10.10"]
[SourceQuality "1"]

1. d4 d5 2. c4 e5 3. dxe5 d4 4. Nf3 Nc6 5. Nbd2 Bg4 6. h3 Bxf3 7. Nxf3 Nge7 8. g3 Ng6 9. Bg2 Bc5 10. 0-0 0-0 11. b3 Qe7 12. a3 a5 13. Bb2 Rad8 14. Qc2 Rd7 15. Qf5 Rfd8 16. h4 Ngxe5 17. Nxe5 Qxe5 18. Qxe5 Nxe5 19. Rad1 Nc6 20. Rd2 Kf8 21. Rfd1 Ke8 22. Kf1 Rd6 23. Bd5 Ke7 24. Kg2 Kf8 25. Kf3 Rf6+ 26. Kg2 Rfd6 27. f4 Re8 1/2-1/2

[Event "Warsaw Najdorf Memorial op-A"]
[Site "Warsaw"]
[Date "2022.07.11"]
[Round "3"]
[White "Goraj, Barbara"]
[Black "Gasiorek, Dariusz"]
[Result "1-0"]
[WhiteElo "2035"]
[BlackElo "1854"]
[PlyCount "46"]
[EventDate "2022.07.09"]
[EventType "swiss"]
[EventRounds "9"]
[EventCountry "POL"]
[SourceTitle "CBM 209 Extra"]
[Source "ChessBase"]
[SourceDate "2022.09.30"]
[SourceVersion "1"]
[SourceVersionDate "2022.09.30"]
[SourceQuality "1"]

1. Nf3 d5 2. c4 e6 3. g3 Nf6 4. Bg2 Be7 5. 0-0 0-0 6. b3 c5 7. Bb2 Nc6 8. e3 b6 9. Nc3 Bb7 10. cxd5 Nxd5 11. Nxd5 Qxd5 12. d4 Rfd8 13. Ne5 Qd6 14. Qh5 Nxe5 15. Bxb7 Rab8 16. dxc5 Qxc5 17. Rac1 Nc4 18. Qg4 Qg5 19. Rxc4 Rxb7 20. Qe2 Qb5 21. Bxg7 Rc7 22. Bf6 Rxc4 23. bxc4 Qc5 1-0

[Event "Warsaw-ch opB 65th"]
[Site "Warsaw"]
[Date "2012.06.03"]
[Round "9"]
[White "Gasiorek, Dariusz"]
[Black "Chomczyk, Marek"]
[Result "0-1"]
[WhiteElo "1880"]
[BlackElo "1887"]
[PlyCount "98"]
[EventDate "2012.05.26"]
[EventType "swiss"]
[EventRounds "9"]
[EventCountry "POL"]
[SourceTitle "EXT 2014"]
[Source "ChessBase"]
[SourceDate "2013.11.20"]
[SourceVersion "1"]
[SourceVersionDate "2013.11.20"]
[SourceQuality "1"]

1. d4 d5 2. c4 e6 3. Nc3 Nf6 4. Bg5 Be7 5. e3 h6 6. Bh4 0-0 7. Nf3 b6 8. Be2 dxc4 9. Bxc4 Bb7 10. 0-0 Ne4 11. Bxe7 Qxe7 12. Rc1 Nd7 13. Nxe4 Bxe4 14. Bb5 Qd6 15. Qa4 Nb8 16. Ne5 c5 17. Nc4 Qe7 18. dxc5 a6 19. Nxb6 axb5 20. Qxe4 Rxa2 21. Qb4 Qf6 22. Rb1 Na6 23. Qxb5 Qf5 24. Qc4 Ra5 25. b4 Ra3 26. Ra1 Rxa1 27. Rxa1 Nc7 28. h3 Rd8 29. Qe2 Qe4 30. Qc4 Qe5 31. Rc1 Rd2 32. Qf4 Qb2 33. Rf1 e5 34. Qg4 Rd8 35. Rd1 Rf8 36. Rd7 Ne6 37. Nd5 Kh8 38. Qc4 Kg8 39. c6 Ra8 40. c7 Nxc7 41. Nxc7 Ra1+ 42. Kh2 Qxf2 43. Rd8+ Kh7 44. Qe4+ f5 45. Qf3 Qg1+ 46. Kg3 Qe1+ 47. Qf2 f4+ 48. exf4 exf4+ 49. Kf3 Ra3+ 0-1

[Event "Warsaw-ch opB 65th"]
[Site "Warsaw"]
[Date "2012.06.02"]
[Round "8"]
[White "Gasiorek, Dariusz"]
[Black "Kacprzak, Karol"]
[Result "1-0"]
[WhiteElo "1880"]
[BlackElo "1746"]
[PlyCount "91"]
[EventDate "2012.05.26"]
[EventType "swiss"]
[EventRounds "9"]
[EventCountry "POL"]
[SourceTitle "EXT 2014"]
[Source "ChessBase"]
[SourceDate "2013.11.20"]
[SourceVersion "1"]
[SourceVersionDate "2013.11.20"]
[SourceQuality "1"]

1. d4 d5 2. c4 e6 3. Nc3 Nf6 4. Bg5 Be7 5. e3 h6 6. Bh4 0-0 7. Nf3 b6 8. Bxf6 Bxf6 9. cxd5 exd5 10. Qb3 Be6 11. Be2 c5 12. 0-0 c4 13. Qc2 Nc6 14. b3 Na5 15. Nd2 a6 16. bxc4 dxc4 17. a4 Qd7 18. Rfb1 Rfb8 19. Bf3 Ra7 20. Rb2 Qc7 21. Rab1 Nb3 22. Nxb3 cxb3 23. Qd3 Bc4 24. Qd2 b5 25. axb5 axb5 26. Bd1 b4 27. Ne4 Ra2 28. Bxb3 Bxb3 29. Rxa2 Bxa2 30. Qxa2 b3 31. Qb2 Be7 32. Nd2 Bd6 33. g3 h5 34. Nxb3 h4 35. Qe2 hxg3 36. hxg3 Qc3 37. Nd2 Re8 38. Re1 Bb4 39. Nf3 Re6 40. Rd1 Rh6 41. Ne5 Qc8 42. Qg4 Qa8 43. Qf3 Qe8 44. Ra1 Qe6 45. Ra8+ Kh7 46. Qxf7 1-0

[Event "Warsaw-ch opB 65th"]
[Site "Warsaw"]
[Date "2012.05.30"]
[Round "5"]
[White "Kolinski, Daniel"]
[Black "Gasiorek, Dariusz"]
[Result "1/2-1/2"]
[WhiteElo "1713"]
[BlackElo "1880"]
[PlyCount "61"]
[EventDate "2012.05.26"]
[EventType "swiss"]
[EventRounds "9"]
[EventCountry "POL"]
[SourceTitle "EXT 2014"]
[Source "ChessBase"]
[SourceDate "2013.11.20"]
[SourceVersion "1"]
[SourceVersionDate "2013.11.20"]
[SourceQuality "1"]

1. e4 c6 2. d4 d5 3. Nc3 dxe4 4. Nxe4 Bf5 5. Ng3 Bg6 6. Nf3 Nd7 7. h4 h6 8. Bd3 Bxd3 9. Qxd3 Qc7 10. Be3 e6 11. 0-0-0 0-0-0 12. Kb1 Ngf6 13. c4 Bd6 14. Ne2 c5 15. Nc3 a6 16. d5 exd5 17. Nxd5 Nxd5 18. Qxd5 Nf6 19. Qf5+ Kb8 20. Rxd6 Rxd6 21. Bf4 Rhd8 22. Ne5 g6 23. Qc2 Ka8 24. Nd3 Qb6 25. Bxd6 Qxd6 26. Rd1 Nh5 27. f3 Nf4 28. Nf2 Qe7 29. g3 Rxd1+ 30. Qxd1 Ne6 31. Qe2 1/2-1/2

[Event "Warsaw YMCA Summer 50th"]
[Site "Warsaw"]
[Date "2008.08.01"]
[Round "6"]
[White "Gasiorek, Dariusz"]
[Black "Ponceleusz, Bronislaw"]
[Result "1/2-1/2"]
[WhiteElo "1876"]
[BlackElo "1991"]
[PlyCount "23"]
[EventDate "2008.07.16"]
[EventType "tourn"]
[EventRounds "11"]
[EventCountry "POL"]
[SourceTitle "EXT 2019"]
[Source "ChessBase"]
[SourceDate "2018.10.10"]
[SourceVersion "1"]
[SourceVersionDate "2018.10.10"]
[SourceQuality "1"]

1. e4 g6 2. d4 Bg7 3. Nc3 c6 4. Bc4 b5 5. Bb3 a5 6. a3 a4 7. Ba2 Ba6 8. Qf3 e6 9. Nge2 Ne7 10. h4 h6 11. Bf4 d5 12. 0-0 1/2-1/2

[Event "Warsaw YMCA Summer 50th"]
[Site "Warsaw"]
[Date "2008.07.31"]
[Round "11"]
[White "Moskwinski, Marek"]
[Black "Gasiorek, Dariusz"]
[Result "1-0"]
[WhiteElo "1772"]
[BlackElo "1876"]
[PlyCount "43"]
[EventDate "2008.07.16"]
[EventType "tourn"]
[EventRounds "11"]
[EventCountry "POL"]
[SourceTitle "EXT 2019"]
[Source "ChessBase"]
[SourceDate "2018.10.10"]
[SourceVersion "1"]
[SourceVersionDate "2018.10.10"]
[SourceQuality "1"]

1. e4 e5 2. Nc3 Nf6 3. f4 d5 4. fxe5 Nxe4 5. Nf3 Bb4 6. Qe2 Bxc3 7. dxc3 0-0 8. Bf4 c5 9. 0-0-0 Bf5 10. Nd2 Nc6 11. g4 Qh4 12. Rg1 Nxd2 13. Qxd2 Bxg4 14. Qg2 h5 15. h3 f5 16. hxg4 fxg4 17. Rh1 Qd8 18. Rxd5 Qe8 19. Bc4 Rxf4 20. Rd8+ Rxc4 21. Rxe8+ Rxe8 22. Qd5+ 1-0